First cars : The illustrated history of the motor car
保存先:
| フォーマット: | 図書 |
|---|---|
| 言語: | Undetermined |
| 出版事項: |
NewYork
|
| 主題: | |
| タグ: |
タグ追加
タグなし, このレコードへの初めてのタグを付けませんか!
|
| Thư viện lưu trữ: | Trung tâm Học liệu Trường Đại học Cần Thơ |
|---|
| LEADER | 00445nam a2200169Ia 4500 | ||
|---|---|---|---|
| 001 | CTU_111985 | ||
| 008 | 210402s9999 xx 000 0 und d | ||
| 082 | |a 629.2222 | ||
| 082 | |b F527/N.1 | ||
| 245 | 0 | |a First cars : | |
| 245 | 4 | |b The illustrated history of the motor car | |
| 245 | 0 | |c Number 1 | |
| 260 | |a NewYork | ||
| 650 | |a Automobiles | ||
| 650 | |x History | ||
| 904 | |i M.Loan | ||
| 980 | |a Trung tâm Học liệu Trường Đại học Cần Thơ | ||